| 000 | 00509nam a2200181 a 4500 | ||
|---|---|---|---|
| 020 | _a0801840309 (set) | ||
| 040 | _cDLC | ||
| 082 | 0 | 0 | _a338 BAN 1991 A108 Or. |
| 245 | 0 | 4 | _aThe Political economy of agricultural pricing policy / |
| 300 |
_a<1-3 > : _billustrations ; _c25 cm |
||
| 490 | 1 | _aA World Bank comparative study | |
| 650 | 0 | _aAgricultural prices | |
| 650 | 0 | _aAgricultural prices | |
| 700 | 1 | _aKrueger, Anne O | |
| 700 | 1 | _aSchiff, Maurice W | |
| 700 | 1 | _aVald©♭s, Alberto, | |
| 942 | _cEK | ||
| 999 |
_c16547 _d16547 |
||